Countries Challenge Part 5 - Statistics

General Stats
  • This quiz has been taken 30 times
  • The average score is 11 of 15
Answer Stats
Picture Answer % Correct
Australia
100%
India
100%
USA
100%
Netherlands
96%
Nepal
93%
Russia
93%
Vietnam
89%
Serbia
85%
Kuwait
63%
Papua New Guinea
63%
Brunei
56%
Antigua and Barbuda
52%
Burundi
52%
Burkina Faso
41%
Cape Verde
41%
No matching quizzes found
Score Distribution
Percent of People with Each Score
Percentile by Number Answered
Your Score History
You have not taken this quiz